| 000 | 01092nas a22003377a 4500 | ||
|---|---|---|---|
| 005 | 20220329143031.0 | ||
| 008 | 001017u us mr pernn 0 b1eng d | ||
| 010 | _a90982 | ||
| 011 | _a91954 | ||
| 022 | _a0021-9584 | ||
| 035 | _a102517 | ||
| 245 | 0 | 0 |
_aJournal of Chemical Education _c/by American Chemical Society |
| 260 | 0 |
_aNew York, N.Y.: _bAmerican Chemical Society _c1924 |
|
| 300 | _av. | ||
| 310 | _aMensual | ||
| 362 | _av.53 n.3 1976. | ||
| 590 |
_aBATCH-UPD _b10 _c20130110 _lUCH01 _h0521 |
||
| 590 |
_aBATCH-UPD _b10 _c20130410 _lUCH01 _h0159 |
||
| 590 |
_aBATCH-UPD _b10 _c20130914 _lUCH01 _h1950 |
||
| 590 |
_aCONVERSION _b10 _c20130109 _lUCH01 _h1350 |
||
| 650 | 1 | 4 |
_aQuímica _xEstudio y enseñanza. _993559 |
| 650 | 1 | 4 |
_aQuímica _xPublicaciones periódicas. _993571 |
| 866 | _av. 51 n.1-12 (1974) | ||
| 866 | _av.38 n.6 (1961) | ||
| 866 | _av.43 n.1-v.49 n.12 (1966-1972) | ||
| 866 | _av.50 n.1-5,7-12 (1973) | ||
| 866 | _av.52 n.1-2 (1975) | ||
| 866 | _av.53 n.3 (1976) | ||
| 901 | _aSE | ||
| 905 | _aAraceli Hernández Gómez. | ||
| 999 |
_c90982 _d90982 |
||